| 000 | 01244cam a22002891i 4500 | ||
|---|---|---|---|
| 003 | SA-RiAUC | ||
| 005 | 20241126075301.0 | ||
| 008 | 241123s1985 vp g 0000m ara c | ||
| 040 |
_aSA-RiKSU _bara _cSA-RiAUC _erda |
||
| 082 | 0 | 4 | _a810.8 |
| 090 |
_a810.8 _bا ب و ح |
||
| 100 | 1 |
_aأبو حاتم السجستاني، سهل بن محمد بن عثمان، _dتوفي 248 هجري _eمؤلف. |
|
| 245 | 1 | 0 |
_aكتاب النخل / _cأبو حاتم السجستاني ؛ حققه وعلق عليه وقدم له إبراهيم السامرائي. |
| 246 | 3 | 0 | _aالنخل |
| 250 | _aالطبعة الأولى. | ||
| 264 | 1 |
_aالرياض : _aبيروت : _bدار اللواء ؛ _bمؤسسة الرسالة، _c1985 |
|
| 300 |
_a161 صفحة ؛ _c24 سم |
||
| 336 |
_aنص _btxt _2rdacontent _3كتاب |
||
| 337 |
_aبدون وسيط _bn _2rdamedia |
||
| 338 |
_aمجلد _bnc _2rdacarrier |
||
| 650 | 7 |
_aالنخيل في الأدب العربي _2aucsh |
|
| 650 | 7 |
_aالنباتات في الأدب العربي _2aucsh |
|
| 650 | 7 |
_aالأدب العربي _vمجموعات _2aucsh |
|
| 700 | 1 |
_aالسامرائي، إبراهيم، _d1923-2001 _eمحقق. |
|
| 942 |
_2ddc _cBOOK _n0 |
||
| 949 |
_aSA-JeALM _d241123 _umohamedma123 _n1 |
||
| 999 |
_c2790 _d2790 |
||